000 01612nam a22001577a 4500
041 _aukr
080 _a09
090 _bРОМ
100 _aРомануха А. П.
245 _aНовітні інтернет-технології в контексті формування мовної компетенції з іноземних мов
260 _aОстрог
_bКАФ
_c2004
300 _a59
520 _aРозділ 1. Дидактичні функції мережі Інтернет в процесі навчання іноземних мов. 1.1. Цілі та можливості використання Інтернету як засобу навчання. 1.2. Дидактичні завдання та мережа Інтернет. 1.3. Інтернет і моделі навчання. Розділ 2. Автентичні матеріали мережі Інтернет в навчальному процесі. 2.1. Інтернет на уроці. 2.2. Інтернет в позакласній роботі. Розділ 3. Теоретико-методологічні аспекти дистанційного навчання. 3.1. Основні принципи дистанційного навчання. 3.2. Світоглядний аспект дистанційного навчання. 3.3. Синхронні системи дистанційного навчання. 3.4. Асинхронні системи дистанційного навчання.
_0Інтернет, технологія, система
650 _aResearch Papers
999 _c282559
_d282559
942 _cBK